|
|
|
|
| LEADER |
00000nam a2200000 a 4500 |
| 001 |
vtls001356542 |
| 003 |
SK-MaSNL |
| 005 |
20260301114947.0 |
| 008 |
240314s1998 xo r 0 slo |
| 015 |
|
|
|a SNBA1999/05-01667
|
| 020 |
|
|
|a 8085668726
|
| 035 |
|
|
|a SNK000310019
|
| 035 |
|
|
|a urn:nbn:sk:snk-amkizs
|
| 035 |
|
|
|a urn:nbn:sk:snk-am008hlb
|
| 035 |
|
|
|a CD1B491F-D638-4EF2-A12E-6116EA36AA00
|
| 040 |
|
|
|a SNK
|b slo
|c SNK
|e AACR2
|
| 041 |
0 |
|
|a slo
|
| 044 |
|
|
|a xo
|c SK
|
| 080 |
|
|
|a 37.01(038)
|2 1981
|
| 100 |
1 |
|
|a Darák, Milan,
|d 1953-
|4 aut
|9 121010
|
| 245 |
1 |
0 |
|a Základy pedagogiky
|b terminologické minimum
|c Milan Darák, Katarína Tabaková
|
| 260 |
|
|
|a Prešov
|b ManaCon
|c 1998
|
| 300 |
|
|
|a 122 s.
|c 21 cm
|
| 500 |
|
|
|a 800 výt.
|
| 504 |
|
|
|a Abec. reg. hesiel
|
| 650 |
0 |
7 |
|a pedagogika
|x slovníky výkladové
|2 SNK
|9 459199
|
| 650 |
0 |
7 |
|a slovníky výkladové
|x pedagogika
|2 SNK
|9 459200
|
| 655 |
|
7 |
|a slovníky
|2 SNK
|9 70413
|
| 700 |
1 |
|
|a Tabaková, Katarína
|4 aut
|9 459201
|
| 919 |
|
|
|a 80-85668-72-6
|
| 958 |
|
|
|a TL
|
| 999 |
|
|
|c 720404
|d 722334
|
| 952 |
|
|
|t P60, <03>, [BOOK], {603}
|a SNK
|b SNK
|y PREZ
|7 0
|p 17A0183222
|o snkSC 97987
|i snkKSP 2195/99
|0 0
|1 0
|4 0
|d 1999-03-03
|f 1
|l 0
|r 2025-09-18 00:00:00
|w 2026-02-23
|
| 952 |
|
|
|t P60, <04>, [BOOK], {604}
|a SNK
|b SNK
|y VYP
|7 0
|p 17A0183223
|o snkSC 97987 D1
|i snkKSP 2196/99
|0 0
|1 0
|4 0
|d 1999-03-03
|l 0
|r 2005-01-02 00:00:00
|w 2026-02-23
|